000 01679nam a2200349 i 4500
003 EG-ScBUE
005 20240102121034.0
008 170907s1996 ua o f 001 0 ara d
040 _aEG-ScBUE
_bara
_erda
_cEG-ScBUE
_dEG-ScBUE
041 1 _aara
_hund
043 _af-ua---
082 0 4 _a962.02
_bي ا ن
_222
100 1 _aيانج، جورج،
_d1872-1952‏،
_eمؤلف.
245 1 0 _aتاريخ مصر من عهد المماليك إلى نهاية حكم إسماعيل :
_bوبهامش الكتاب أهم ما وقع من الأحداث في مصر إلى نهاية حكم إسماعيل باشا مقرونة بالصور من سنة، 1760-1880 /
_cتأليف المستر جورج يانج، تعريب علي أحمد شكري.
250 _aالطبعة الثانية.
264 1 _aالقاهرة :
_bمكتبة مدبولي،
_c1996.
300 _a608 صفحة :
_bصور ؛
_c24 سم.
336 _2rdacontent
_aنص
_btxt
337 _aبدون وسيط
_2rdamedia
_bn
338 _aمجلد
_bnc
_2rdacarrier
490 0 _aصفحات من تاريخ مصر ؛
_v5
500 _aيشتمل على كشافات.
546 _aالنص مترجم إلى اللغة العربية.
650 _2BUEsh
651 7 _aمصر
_xتاريخ
_zإسماعيل، 1863-1879.
_2BUEsh
651 7 _aمصر
_xتاريخ
_zالعصر المملوكي، 1250-1517.
_2BUEsh
653 _bGGEN
_cSeptember2017
655 _vReading book
700 1 _aشكري، علي أحمد،
_eمعرب.
740 0 2 _a أهم ما وقع من الأحداث في مصر إلى نهاية حكم إسماعيل باشا مقرونة بالصور من سنة، 1760-1880
942 _2ddc
999 _c25447
_d25419